000 00415nam a22001697a 4500
003 CEME
005 20210628201634.0
008 210212b xxu||||| |||| 00| 0 eng d
040 _c.
082 _a621.402 AIJ
100 _aAijaz Ahmad
_956119
245 _aThermal control
260 _aPAKISTAN
_bAES PUBLISHER
_c1999
300 _a240P
650 _aTHERMAL CONTROL-BUILDING DESIGN
_956120
942 _cBK
_2ddc
999 _c566639
_d566639